000 00210nam a22000857a 4500
008 160711b xxu||||| |||| 00| 0 eng d
100 _92576
_a Kohli, B, J
245 _aPhysics - XII
260 _aNew Delhi
_bArya
_c1984
999 _c2241
_d2241